Missing Word: Q&A Songs II Quiz Stats

 Plays Quiz Updated Jul 6, 2019

Score 0/20 Timer 02:30
0 Plays Today
Song title Missing word % Correct
QuestionsDogs
98.5%
QuestionsWith
97.2%
QuestionsShe
94.3%
QuestionsDeep
92.3%
AnswersPurple
92%
AnswersNothing
90.4%
QuestionsSeen
85.9%
AnswersEight
85.2%
AnswersChampions
84%
AnswersRobinson
82.9%
Song title Missing word % Correct
AnswersUnder
82.1%
AnswersGod
81.8%
QuestionsHurt
76.6%
QuestionsTime
74.4%
QuestionsGonna
66.6%
QuestionsWhat
52.4%
QuestionsFlowers
47.7%
AnswersMidnight
29.4%
AnswersForgive
17.5%
AnswersAccuse
10.5%

Today's Daily Dose

You're not logged in!

Compare scores with friends on all Sporcle quizzes.
OR
Log In

Sporcle TV

Today on Sporcle TV


Watch our educational content, quiz creation guides, and fun videos on Sporcle TV.

Show Comments

Extras

Top Quizzes Today


Score Distribution

Your Account Isn't Verified!

In order to create a playlist on Sporcle, you need to verify the email address you used during registration. Go to your Sporcle Settings to finish the process.

Report this User

Report this user for behavior that violates our Community Guidelines.

Details: